| 000 | 01366nam a2200361Ia 4500 | ||
|---|---|---|---|
| 001 | ebr10017817 | ||
| 003 | CaPaEBR | ||
| 006 | m u | ||
| 007 | cr cn||||||||| | ||
| 008 | 000629s2000 enkab sb 001 0 eng d | ||
| 010 | _z 00057636 | ||
| 020 | _z0415189705 | ||
| 020 | _z0415189713 (pbk.) | ||
| 040 |
_aCaPaEBR _cCaPaEBR |
||
| 035 | _a(OCoLC)70732704 | ||
| 050 | 1 | 4 |
_aHF1025 _b.K567 2000eb |
| 245 | 0 | 0 |
_aKnowledge, space, economy _h[electronic resource] / _cedited by John R. Bryson ... [et al.]. |
| 260 |
_aLondon ; _aNew York : _bRoutledge, _c2000. |
||
| 300 |
_axvi, 328 p. : _bill., maps. |
||
| 504 | _aIncludes bibliographical references (p. [280]-317) and index. | ||
| 533 |
_aElectronic reproduction. _bPalo Alto, Calif. : _cebrary, _d2013. _nAvailable via World Wide Web. _nAccess may be limited to ebrary affiliated libraries. |
||
| 650 | 0 | _aEconomic geography. | |
| 650 | 0 | _aSpace in economics. | |
| 650 | 0 | _aIndustrial location. | |
| 650 | 0 | _aMarketing channels. | |
| 650 | 0 | _aKnowledge management. | |
| 650 | 0 |
_aInformation technology _xEconomic aspects. |
|
| 650 | 0 | _aCompetition. | |
| 655 | 7 |
_aElectronic books. _2local |
|
| 700 | 1 |
_aBryson, J. R., _d1963- |
|
| 710 | 2 | _aebrary, Inc. | |
| 856 | 4 | 0 |
_uhttp://site.ebrary.com/lib/rucke/Doc?id=10017817 _zAn electronic book accessible through the World Wide Web; click to view |
| 999 |
_c29173 _d29173 |
||